LEADER 01660oam 2200409Ia 450 001 9910696715603321 005 20080717085250.0 035 $a(CKB)5470000002381719 035 $a(OCoLC)68215657 035 $a(EXLCZ)995470000002381719 100 $a20060505d2003 ua 0 101 0 $aeng 135 $aurbn||||||||| 181 $ctxt$2rdacontent 182 $cc$2rdamedia 183 $acr$2rdacarrier 200 10$aEstablishment report for dougls-fir [i.e. douglas-fir] tussock moth permanent plots on the Clearwater National Forest$b[electronic resource] /$fSandy Kegley and Nancy Sturdevant 210 1$aMissoula, MT :$cU.S. Dept. of Agriculture, Forest Service, Northern Region, Forest Health Protection,$d[2003] 215 $a4 pages $cdigital, PDF file 225 1 $aReport ;$v03-6 300 $aTitle from title screen (viewed on May 5, 2006). 300 $a"March 2003." 320 $aIncludes bibliographical references (page 4). 517 3 $aEstablishment report for douglas-fir tussock moth permanent plots on the Clearwater National Forest 606 $aDouglas fir tussock moth$zIdaho$zClearwater National Forest 615 0$aDouglas fir tussock moth 700 $aKegley$b Sandy$01389222 701 $aSturdevant$b Nancy J$01391037 712 02$aUnited States.$bForest Service.$bNorthern Region.$bState & Private Forestry.$bForest Health Protection. 801 0$bAGL 801 1$bAGL 801 2$bAGL 801 2$bGPO 906 $aBOOK 912 $a9910696715603321 996 $aEstablishment report for dougls-fir tussock moth permanent plots on the Clearwater National Forest$93517054 997 $aUNINA LEADER 01121nam2 2200277 i 450 001 MIL0473912 005 20231121125548.0 100 $a20030120d2000 ||||0itac50 ba 101 | $aita$alat 102 $ait 181 1$6z01$ai $bxxxe 182 1$6z01$an 200 0 $a 2! 210 $aRoma$cnella sede dell'Istituto$d2000 215 $aP. 425-897$d26 cm. 461 1$1001PUV0837964$12001 $aChronicon sanctae Sophiae$e(cod Vat. Lat. 4939)$fedizione e commento a cura di Jean-Marie Martin con uno studio sull'apparato decorativo di Giulia Orofino$v2 801 3$aIT$bIT-01$c20030120 850 $aIT-RM0313 $aIT-RM0151 $aIT-FR0017 899 $aBIBLIOTECA CASANATENSE$bRM0313 899 $aBiblioteca Istituto Storico Italiano Medio Evo - I$bRM0151 899 $aBiblioteca umanistica Giorgio Aprea$bFR0017 912 $aMIL0473912 950 2$aBiblioteca umanistica Giorgio Aprea$d 52MAG 7 Coll D/11 RER 3.2$e 52DUP0000242105 VMN RS $fA $h20161108$i20161108 977 $a 07$a 41$a 52 996 $a2$961340 997 $aUNICAS